00273nam a2200109Ia 4500008004100000041000800041082001200049100001800061245002800079260003200107300002400139240624s9999 xx 000 0 und d aeng a330 ECO aTHE ECONOMIST aPOCKET WORLD IN FIGURES c2015aLondonbProfile Books a256 : p. : cm. ; 20